000
00270nam a2200121Ia 4500
008
191201s2008 xx 000 0 und d
100
_a
ROBBINS,Stephen P
245
0
_a
Management
260
_a
N. delhi
_b
PHI
_c
2008
300
_a
738
650
_a
BBA
942
_2
ddc
_c
BK
_0
1
999
_c
6579
_d
6579